00868nam a2200241 i 4500003000900000005001700009007000300026008004100029040003000070041000800100082001700108245011200125264005500237300002800292336002700320337003400347338002800381590002600409910001500435942001400450952014500464999001700609DO-SdBNP20250721094055.0ta250721b1987 dr ||||| |||| 00| 0 spa d aDO-SdBNPbspacBNPHUerda aspa 4axxxbxxx22210aBajo la sombra del guayacán :bpoemas y escritos /cAna Ortíz vda. Scheker ; presentación, Juan Bosch 1aSanto Domingo :bEdiciones Populares COSAS,c1987. a193 páginas ;c21 cm. atextobtxt2rdacontent asin mediación bn2rdamedia avolumenbnc2rdacarrier aInventariado, 2025/BT aBtavárez 2ddccLBS1 00102ddc51708PDaBNPHUbBNPHUcCTd2025-07-21eDonado por Ilonka Nacidit Perdomol0o BNPHU PD p2025-6816r2025-07-21w2025-07-21yLBS1 c59585d59585